| 000 | 01011 am a22003131a 4500 | ||
|---|---|---|---|
| 999 |
_c29381 _d29352 |
||
| 001 | 010984783 | ||
| 003 | EG-ScBUE | ||
| 005 | 20210822132710.0 | ||
| 008 | 980518t1998 txu f 000 0 eng d | ||
| 020 | _a0944002250 | ||
| 040 |
_aStDuBDS _beng _erda _cEG-ScBUE _dUk _dEG-ScBUE |
||
| 082 | 0 | 4 |
_a658.4092 _bTIC _222 |
| 100 | 1 | 0 |
_aTichy, Noel M., _eauthor. |
| 245 | 1 | 4 |
_aThe leadership engine : _bbuilding leaders at every level / _cby Noel Tichy, Eli Cohen. |
| 264 | 1 |
_aDallas, TX : _bPritchett & Associates, INC., _c[1998] |
|
| 264 | 4 | _cc1998 | |
| 300 |
_a47 pages, 8 unnumbered paged ; _c21 cm. |
||
| 336 |
_atext _2rdacontent _btxt |
||
| 337 |
_aunmediated _2rdamedia _bn |
||
| 338 |
_avolume _2rdacarrier _bnc |
||
| 490 | 0 | _aThe thought leader series from Pritchett & associates | |
| 650 | 7 |
_aLeadership. _2BUEsh |
|
| 650 | 7 |
_aExecutive ability. _2BUEsh |
|
| 653 |
_bBUSADM _cAugust2021 |
||
| 655 |
_vReading book _934232 |
||
| 700 | 1 |
_aCohen, Eli, _eauthor. |
|
| 942 |
_2ddc _cBB |
||